| 000 | 00807nam a2200241Ia 4500 | ||
|---|---|---|---|
| 003 | OSt | ||
| 005 | 20220926020323.0 | ||
| 006 | a|||||r|||| 00| 0 | ||
| 007 | ta | ||
| 008 | 220923b |||||||| |||| 00| 0 eng d | ||
| 020 |
_a9780415623872 _c8086.3100000000004 |
||
| 037 |
_bBBS/58, 08/10/2013, Better Book Service _cGeneral Book |
||
| 040 |
_aRTL _cRTL _beng |
||
| 041 |
_2eng _aeng |
||
| 082 | _aU2180aX9(F55).1, Q3 | ||
| 100 |
_aZIMMERER Karl _9324143 |
||
| 245 | 0 |
_aNew geographies of energy _b Assessment and analysis of critical landscapes |
|
| 260 |
_aNew York _bRoutledge _c2013 |
||
| 300 |
_axi, 283p _ccm. |
||
| 650 | _aGeography | ||
| 942 |
_hU2180aX9(F55).1, Q3 _cGB _2CC |
||
| 999 |
_c633977 _d633977 |
||